LDR 01560nam a2200313 u 4500 001 000000028164 003 CaOOAMICUS 005 20070226111754.0 008 960508s1994 it u000 u ita u 020 $a881405049X 035 $a10730830 040 $aMSA$bita 100 1 $aD'Amico, Marilisa,$d1965-$0(OLS)http://pul/name/22937 245 10$aDonna e aborto nella Germania riunificata /$cMarilisa D'Amico. 260 $aMilano :$bGiuffrè,$c1994. 300 $aviii, 283 p. ;$c24 cm 490 1 $aPubblicazioni dell'Istituto di diritto pubblico / Università degli studi di Milano. Facoltà di giurisprudenza ;$v32 500 $a"Il volume contiene la traduzione integrale della sentenza 28 maggio 1993 del tribunale costituzionale federale". 504 $aBibliografia a piè pagina. 650 4$aAborto (diritto)$zGermania.$0(OLS)http://pul/subject/16268 710 2 $aUniversità degli studi di Milano.$bIstituto di diritto pubblico.$0(OLS)http://pul/name/22938 830 0$aPubblicazioni dell'Istituto di diritto pubblico / Università degli studi di Milano. Facoltà di giurisprudenza ;$v32.$0(OLS)http://pul/title/38468 850 $aPUL 852 $aPUL$W1$xSL Religione 1$y3$m39 C 50$j39154$nBK-PRI$b $qStampati$B39154$CPULBib$Z2$F39154 $H $81 941 1 $a8 961 $aINV: 77684 996 $6020$a881405049X$9(OLS)http://pul/number/34946 996 $6245$aDonna e aborto nella Germania riunificata$9(OLS)http://pul/title/38467 996 $6260$aMilano :$bGiuffrè$9(OLS)http://pul/publisher/48401